000 00355nam a2200145 a 4500
005 20140414131921.0
008 101022s19uu xx 00 eng d
020 _a9782894295694
050 _aER
_bB11 1994
245 _aBaboo and the lion.
260 _aHong kong :
_bTormont Pub,
_c1994.
300 _a12
650 _aLion-
_xfiction
999 _c111760
_d111760